000 00564nam a2200217Ia 4500
005 20241129120320.0
008 241129s9999||||xx |||||||||||||| ||und||
020 _a9788180314780
037 _aTB
040 _aSDCL
_beng
_cSDCL
041 _ahin
_2hin
084 _aQ22:223 R1
_qSDCL
100 _aShastri Vishnu Kant
_9412728
245 0 _aBhakti Aur Sharnagati
260 _aDelhi
_bLokbharti prakashan India
_c2021
300 _a176p
365 _aINR
_b395
650 _aHindi
942 _cTB
_hQ22:223 R1
999 _c1234297
_d1234297